| 000 | 00735nam a2200241 i 4500 | ||
|---|---|---|---|
| 001 | 180257 | ||
| 003 | ES-MaACL | ||
| 005 | 20230906221036.0 | ||
| 008 | 120521s1983 sp |||| | spa d | ||
| 020 | _a84-85887-30-1 | ||
| 080 | _a008:801 | ||
| 100 | 1 |
_aBuxó Rey, María Jesús. _932987 |
|
| 245 | 1 | 0 |
_aAntropología lingüística / _cMª Jesús Buxó. |
| 250 | _a[1ª ed.]. | ||
| 260 |
_a[Barcelona : _bAnthropos], _c1983. |
||
| 300 |
_a79 p. : _bgráf., mapas ; _c22 cm. |
||
| 490 | 1 |
_aCuadernos A de antropología ; _v3 |
|
| 504 | _aBibliografía: p. 76-79. | ||
| 650 | 4 |
_aEtnolingüística. _9136071 |
|
| 830 | 0 |
_aCuadernos A de antropología ; _v3 _9224619 |
|
| 852 |
_aES-MaACL _j2313-F-3 |
||
| 999 |
_c180257 _d180257 |
||